| 000 | 00388nam a22001697a 4500 | ||
|---|---|---|---|
| 003 | CEME | ||
| 005 | 20210628202523.0 | ||
| 008 | 210316b xxu||||| |||| 00| 0 eng d | ||
| 020 | _a81-85814-01-5 | ||
| 040 | _c. | ||
| 082 | _a530 AGA'T | ||
| 100 |
_aAgarwal, D.C _960303 |
||
| 245 | _aTextbook of physics | ||
| 260 |
_aALLAHABAD _bWHEELER _c1992 |
||
| 300 | _a668P | ||
| 942 |
_cBK _2ddc |
||
| 999 |
_c570064 _d570064 |
||